Statistics for Countries by Languages in 90 Seconds

Click here to take the quiz!

General Stats

  • This quiz has been taken 174,218 times
    (174,127 since last reset)
  • The average score is 146 of 192

Answer Stats

Languages Country % Correct
English, French, KinyarwandaRwanda
100%
English, FrenchCanada
100%
French, EnglishCameroon
100%
Chinese, English, Malay, TamilSingapore
100%
French, English, Seychellois CreoleSeychelles
100%
Bislama, English, FrenchVanuatu
100%
Afrikaans, English, Southern Ndebele, Northern Sotho, Sotho, Swazi, Tswana, Tsonga, Venda, Xhosa, ZuluSouth Africa
99%
EnglishNigeria
99%
EnglishSierra Leone
99%
EnglishSaint Vincent and the
Grenadines
99%
EnglishSaint Lucia
99%
EnglishSaint Kitts and Nevis
99%
EnglishJamaica
99%
EnglishNamibia
99%
EnglishLiberia
99%
EnglishSouth Sudan
99%
EnglishGuyana
99%
EnglishGrenada
99%
EnglishGhana
99%
EnglishGambia
99%
EnglishFederated States of
Micronesia
99%
EnglishDominica
99%
EnglishSolomon Islands
99%
EnglishUnited Kingdom
99%
EnglishTrinidad and Tobago
99%
English, PalauanPalau
99%
English, TonganTonga
99%
English, Tok Pisin, Hiri MotuPapua New Guinea
99%
English, SwaziEswatini
99%
English, SwahiliUganda
99%
English, SwahiliKenya
99%
English, SothoLesotho
99%
English, Shona, Northern NdebeleZimbabwe
99%
English, SamoanSamoa
99%
English, NauruanNauru
99%
EnglishBarbados
99%
English, MarshalleseMarshall Islands
99%
English, Māori, New Zealand Sign LanguageNew Zealand
99%
English, Hindustani (Urdu)Pakistan
99%
English, Hindustani (Hindi)India
99%
English, GilberteseKiribati
99%
English, FilipinoPhilippines
99%
English, Fijian, Fiji HindiFiji
99%
English, Arabic, TigrinyaEritrea
99%
EnglishZambia
99%
EnglishBelize
99%
EnglishBahamas
99%
EnglishAntigua and Barbuda
99%
Irish, EnglishIreland
99%
Maltese, EnglishMalta
99%
Tuvaluan, EnglishTuvalu
99%
Spanish, French, PortugueseEquatorial Guinea
99%
Chewa, EnglishMalawi
99%
Swahili, EnglishTanzania
99%
Arabic, EnglishSudan
99%
SpanishCosta Rica
98%
SpanishCuba
98%
SpanishDominican Republic
98%
Arabic, Comorian, FrenchComoros
98%
SpanishEcuador
98%
SpanishEl Salvador
98%
SpanishHonduras
98%
SpanishNicaragua
98%
SpanishPanama
98%
SpanishPeru
98%
SpanishSpain
98%
SpanishGuatemala
98%
SpanishChile
98%
Arabic, FrenchChad
98%
Arabic, FrenchDjibouti
98%
SpanishColombia
98%
SpanishVenezuela
98%
SpanishArgentina
98%
German, French, Italian, RomanshSwitzerland
98%
Spanish, GuaraníParaguay
98%
Spanish, Quechua, AymaraBolivia
98%
French, German, LuxembourgishLuxembourg
98%
Dutch, French, GermanBelgium
98%
SpanishUruguay
98%
FrenchMonaco
97%
FrenchMali
97%
FrenchGabon
97%
FrenchDemocratic Republic
of the Congo
97%
Kirundi, FrenchBurundi
97%
French, SangoCentral African Republic
97%
French, MalagasyMadagascar
97%
French, Haitian CreoleHaiti
97%
FrenchTogo
97%
FrenchSenegal
97%
FrenchRepublic of the Congo
97%
FrenchNiger
97%
FrenchFrance
97%
FrenchGuinea
97%
FrenchIvory Coast
97%
FrenchBenin
97%
FrenchBurkina Faso
97%
RussianRussia
96%
Kyrgyz, RussianKyrgyzstan
96%
Belarusian, RussianBelarus
96%
Kazakh, RussianKazakhstan
96%
ChineseTaiwan
95%
ChineseChina
95%
Portuguese, TetumEast Timor
92%
PortuguesePortugal
92%
PortugueseMozambique
92%
PortugueseGuinea-Bissau
92%
PortugueseCape Verde
92%
PortugueseBrazil
92%
PortugueseAngola
92%
PortugueseSão Tomé and Príncipe
92%
GermanAustria
88%
GermanLiechtenstein
88%
GermanGermany
88%
Arabic, HebrewIsrael
85%
ArabicEgypt
84%
ArabicAlgeria
84%
Arabic, SomaliSomalia
84%
ArabicYemen
84%
ArabicUnited Arab Emirates
84%
ArabicTunisia
84%
ArabicSyria
84%
ArabicQatar
84%
ArabicOman
84%
ArabicBahrain
84%
ArabicSaudi Arabia
84%
ArabicMauritania
84%
Berber, ArabicMorocco
84%
ArabicIraq
84%
ArabicJordan
84%
ArabicLibya
84%
ArabicLebanon
84%
ArabicKuwait
84%
ItalianVatican City
80%
ItalianSan Marino
80%
ItalianItaly
80%
Finnish, SwedishFinland
79%
SwedishSweden
76%
Greek, TurkishCyprus
71%
JapaneseJapan
70%
TurkishTurkey
61%
PolishPoland
59%
DanishDenmark
55%
DutchNetherlands
55%
DutchSuriname
55%
NorwegianNorway
54%
KoreanNorth Korea
52%
KoreanSouth Korea
52%
GreekGreece
48%
Malay (Indonesian)Indonesia
47%
ThaiThailand
47%
Pashto, Persian (Dari)Afghanistan
46%
MongolianMongolia
45%
PersianIran
44%
Persian (Tajik)Tajikistan
44%
VietnameseVietnam
40%
UkrainianUkraine
35%
Bosnian, Croatian, SerbianBosnia and
Herzegovina
35%
Romanian (Moldovan)Moldova
34%
IcelandicIceland
34%
RomanianRomania
34%
MalayBrunei
33%
MalayMalaysia
33%
Albanian, Serbo-Croatian (Serbian)Kosovo
31%
SerbianSerbia
28%
CzechCzech Republic
23%
LatvianLatvia
21%
CroatianCroatia
21%
EstonianEstonia
21%
HungarianHungary
19%
BulgarianBulgaria
18%
KhmerCambodia
18%
LaoLaos
17%
LithuanianLithuania
17%
BurmeseMyanmar
16%
SlovakSlovakia
15%
NepaliNepal
15%
BengaliBangladesh
12%
UzbekUzbekistan
11%
Sinhala, TamilSri Lanka
10%
AlbanianAlbania
10%
ArmenianArmenia
9%
AmharicEthiopia
9%
GeorgianGeorgia
8%
TurkmenTurkmenistan
7%
AzerbaijaniAzerbaijan
6%
MacedonianNorth Macedonia
5%
TswanaBotswana
4%
SloveneSlovenia
4%
MontenegrinMontenegro
4%
DzongkhaBhutan
2%
CatalanAndorra
2%
MaldivianMaldives
1%

Score Distribution

Percentile by Number Answered

Percent of People with Each Score

Your Score History

You have not taken this quiz since the last reset